Most Guessed Cities in Africa - Not Capitals - Statistics

General Stats
  • This quiz has been taken 414 times
    389 since last reset
  • The average score is 11 of 20
Answer Stats
% City % Correct
98 Lagos
94%
97 Johannesburg
92%
96 Alexandria
90%
96 Casablanca
89%
92 Dar es Salaam
72%
80 Marrakesh
69%
96 Durban
65%
82 Fez
63%
84 Abidjan
55%
75 Kano
52%
74 Mombasa
52%
70 Luxor
49%
72 Port Elizabeth
45%
60 Tangier
45%
61 Benghazi
39%
62 Oran
38%
59 Douala
33%
57 Ibadan
32%
54 Benin City
26%
60 Bujumbura
21%
No matching quizzes found
Score Distribution
Percent of People with Each Score
Percentile by Number Answered
Your Score History
You have not taken this quiz since the last reset